LIBRARY & INFORMATION CENTRE, KCAET, TAVANUR

ONLINE PUBLIC ACCESS CATALOGUE (OPAC)

Chemistry of engineering materials / (Record no. 2856)

MARC details
000 -LEADER
fixed length control field 00416cam a2200169ua 4500
041 ## - LANGUAGE CODE
Language code of text/sound track or separate title eng
082 ## - DEWEY DECIMAL CLASSIFICATION NUMBER
Classification number 660
Item number AGA/CH
100 ## - MAIN ENTRY--AUTHOR NAME
Personal name Agarwal , C V .
245 ## - TITLE STATEMENT
Title Chemistry of engineering materials /
260 ## - PUBLICATION, DISTRIBUTION, ETC. (IMPRINT)
Place of publication Varanasi :
Name of publisher Tara book agency ,
Year of publication 1982.
300 ## - PHYSICAL DESCRIPTION
Number of Pages 468 ; .
942 ## - ADDED ENTRY ELEMENTS (KOHA)
Koha item type Books
Holdings
Withdrawn status Lost status Damaged status Home library Current library Date acquired Full call number Accession Number Koha item type
      KAUAET KAUAET 01/09/1986 660 15586 Books
free website counter